| 000 | 00765nam a2200241 a 4500 | ||
|---|---|---|---|
| 001 | 000049137 | ||
| 003 | OSt | ||
| 005 | 20260305073957.0 | ||
| 008 | 190722s2003 dr a r 000 0 spa d | ||
| 020 | _z9993458163 | ||
| 040 |
_aDO-SdBNP _bspa _cBNPHU |
||
| 082 |
_a923.2 _bF363O, 2003 |
||
| 100 | 1 |
_aOzuna, Marcelino, _d1965- _933502 |
|
| 245 | 1 | 0 |
_aLeonel una biografía / _cMarcelino Ozuna. |
| 260 |
_aSanto Domingo : _bLlantén, _c2003. |
||
| 300 |
_a225 p. : _bil. ; _c22 cm. |
||
| 500 | _aIncluye datos biográficos del autor en la contracubierta | ||
| 504 | _aBibliografía : p. 225 | ||
| 590 | _aInventariado, 2019/BT | ||
| 600 | 1 | 0 |
_aFernández, Leonel, _d1953- _97291 |
| 650 | 4 |
_aPolíticos _zRepública Dominicana _vBIOGRAFÍAS _96328 |
|
| 942 |
_2ddc _cLBS1 |
||
| 999 |
_c48625 _d48625 |
||